| 000 | 00628nam a22001937a 4500 | ||
|---|---|---|---|
| 003 | OSt | ||
| 005 | 20140310182053.0 | ||
| 008 | 130822t xxu||||| |||| 00| 0 eng d | ||
| 050 |
_aDS 688 _b.Ab119 1999 |
||
| 082 |
_aHS 327.172 _bAb1 1999 |
||
| 100 |
_aAbat, Fortunato U. _912204 |
||
| 245 |
_aThe day we nearly lost Mindanao: _bthe cemcom story / _cFortunato U. Abat. |
||
| 260 |
_aNew updated ed. Diliman, Q. C : _bThe author, _c1999. |
||
| 300 |
_a 311 p.: _bill. ; _c18 cm. |
||
| 650 |
_aArmed Forces of the Philippines.Central MindanaoCommand _912205 |
||
| 650 |
_aMindanao _912206 |
||
| 942 | _2lcc | ||
| 999 |
_c9027 _d9027 |
||